¿La Globalización o la era de la transición?: una visión a largo plazo de la trayectoria del sistema-mundo /
Kaydedildi:
| Yazar: | |
|---|---|
| Materyal Türü: | Metin |
| Konular: | |
| Etiketler: |
Etiketle
Etiket eklenmemiş, İlk siz ekleyin!
|
MARC
| LEADER | 00000 a a2200000 04500 | ||
|---|---|---|---|
| 001 | 2654 | ||
| 003 | |||
| 040 | |||
| 100 | |a Wallerstein, Immanuel | ||
| 245 | |a ¿La Globalización o la era de la transición?: |b una visión a largo plazo de la trayectoria del sistema-mundo / |c Immanuel Wallerstein | ||
| 650 | |a GLOBALIZACION | ||
| 650 | |a LIBERALIZACION DEL INTERCAMBIO | ||
| 650 | |a RELACIONES INTERNACIONALES | ||
| 773 | |g volumen 41, número 219; páginas 14-25 | ||
| 999 | |c 35925 |d 35925 | ||
